Dibujo, cuaderno de trabajo

Bibliographic Details
Main Author: Puente, Rosa
Format: Section = Libro
Language:Undetermined
Spanish
Published: México Pearson Educación 2006
Subjects:
LEADER 00641nam a2200217Ia 4500
008 240829s9999 xx 000 0 und d
020 |a 970-26-0839-2 
040 |a BIBLIOTECA-RUPAP 604.2 P977 
041 |a spa 
082 |a 604.2 P977 
100 1 |a Puente, Rosa  
245 1 0 |a Dibujo, cuaderno de trabajo 
260 |a México  |b Pearson Educación  |c 2006 
300 |a 78 p. :il. 
650 7 |a DIBUJO TECNICO - CUADERNO DE TRABAJO 
650 7 |b  REPRESENTACIONES GRAFICAS 
650 7 |c  TEORIA DEL COLOR 
650 7 |d  PROCEDIMIENTO DEL DIBUJO. I. Pérez Puente, Leticia, coaut. II. Tít.. 
942 |c BK  |2 ddc 
991 |a TEXTO 
999 |c 8867